000
00304nam a2200109Ia 4500
008
200302s9999 xx 000 0 und d
100
_a
Robyn Beaver & Beth Brown (Ed.)
245
_a
An Asian Spirit In Contemporary Design -- A 49
260
_b
Images Publishing, Austraila
260
_c
2009
300
_a
420
999
_c
4548
_d
4548